| 000 | 00000nam 2200000za 4500 |
| 001 | 9.822369 |
| 003 | CaOODSP |
| 005 | 20221107143652 |
| 007 | cr ||||||||||| |
| 008 | 160810s1977 oncak #o f000 0 eng d |
| 040 | |aCaOODSP|beng |
| 043 | |an-cn--- |
| 086 | 1 |aCS71-601-6/1977E-PDF |
| 245 | 04|aThe Revised Labour Force Survey documents |h[electronic resource]. |
| 260 | |a[Ottawa] : |bStatistics Canada, |c[1977]. |
| 300 | |a30 p. : |bill., forms. |
| 500 | |aIssued also in French under title: Les Questionnaires de la nouvelle enquête sur la population active. |
| 500 | |aDigitized edition from print [produced by Statistics Canada]. |
| 520 | |aThe Labour Force Survey (LFS) Questionnaire has remained virtually unchanged since 1952. Through a research and development program initiated in 1972, Statistics Canada has now developed a revised LFS Questionnaire which will enable the survey to generate a far wider range of data than is presently available and to produce this data with greater precision. |
| 692 | 07|2gccst|aSurveys |
| 692 | 07|2gccst|aLabour force |
| 710 | 2 |aStatistics Canada. |
| 775 | 08|tLes Questionnaires de la nouvelle enquête sur la population active |w(CaOODSP)9.822372 |
| 856 | 40|qPDF|s4.55 MB|uhttps://publications.gc.ca/collections/collection_2016/statcan/CS71-601-6-1977-eng.pdf |